<?xml version="1.0" encoding="UTF-8"?>
<record
    xmlns:xsi="http://www.w3.org/2001/XMLSchema-instance"
    xsi:schemaLocation="http://www.loc.gov/MARC21/slim http://www.loc.gov/standards/marcxml/schema/MARC21slim.xsd"
    xmlns="http://www.loc.gov/MARC21/slim">

  <leader>01174nam a2200253   4500</leader>
  <controlfield tag="001">263</controlfield>
  <controlfield tag="003">OSt</controlfield>
  <controlfield tag="005">20250225094345.0</controlfield>
  <controlfield tag="008">250225b        |||||||e |||| 00| 1 eng d</controlfield>
  <datafield tag="020" ind1=" " ind2=" ">
    <subfield code="a">9788560451142</subfield>
  </datafield>
  <datafield tag="040" ind1=" " ind2=" ">
    <subfield code="b">por</subfield>
  </datafield>
  <datafield tag="041" ind1=" " ind2=" ">
    <subfield code="h">por</subfield>
  </datafield>
  <datafield tag="082" ind1=" " ind2=" ">
    <subfield code="a">133.9</subfield>
    <subfield code="b">I35v</subfield>
  </datafield>
  <datafield tag="100" ind1="1" ind2=" ">
    <subfield code="a">In&#xE1;cio, Celso Batista</subfield>
    <subfield code="d">1953-</subfield>
    <subfield code="9">486</subfield>
  </datafield>
  <datafield tag="245" ind1=" " ind2=" ">
    <subfield code="a">Viver Melhor  </subfield>
    <subfield code="b">Orienta&#xE7;&#xF5;es para o seu dia a dia /</subfield>
    <subfield code="c">In&#xE1;cio, Celso Batista ; </subfield>
  </datafield>
  <datafield tag="260" ind1=" " ind2=" ">
    <subfield code="a">Santa Luzia</subfield>
    <subfield code="b">Cristo Consolador</subfield>
    <subfield code="c">2011</subfield>
  </datafield>
  <datafield tag="300" ind1=" " ind2=" ">
    <subfield code="a">155 p.</subfield>
  </datafield>
  <datafield tag="520" ind1=" " ind2=" ">
    <subfield code="a">O livro, por suas palavras, &#xE9; tamb&#xE9;m um tipo de energia que emite suas vibra&#xE7;&#xF5;es, assim, quando se abre as suas p&#xE1;ginas, vai-se diretamente para a energia afim, ou seja, aquela que se casa melhor com o problema apresentado. Dessa forma, a orienta&#xE7;&#xE3;o ser&#xE1; perfeita para aquela hora e para aquele problema. Este livro &#xE9; um conselheiro que usa as pr&#xF3;prias vibra&#xE7;&#xF5;es do leitor para lev&#xE1;-lo ao encontro da resposta certa e dar-lhe instrumentos de confian&#xE7;a para uma tomada de decis&#xE3;o.</subfield>
  </datafield>
  <datafield tag="650" ind1=" " ind2="0">
    <subfield code="a">Literatura Brasileira</subfield>
    <subfield code="9">205</subfield>
  </datafield>
  <datafield tag="650" ind1=" " ind2="0">
    <subfield code="a">Estudos Esp&#xED;ritas </subfield>
    <subfield code="9">165</subfield>
  </datafield>
  <datafield tag="650" ind1=" " ind2="0">
    <subfield code="a">Auto Conhecimento</subfield>
    <subfield code="9">19</subfield>
  </datafield>
  <datafield tag="655" ind1=" " ind2="0">
    <subfield code="a">Romance</subfield>
    <subfield code="9">23</subfield>
  </datafield>
  <datafield tag="942" ind1=" " ind2=" ">
    <subfield code="2">ddc</subfield>
    <subfield code="n">0</subfield>
    <subfield code="c">BK</subfield>
  </datafield>
  <datafield tag="952" ind1=" " ind2=" ">
    <subfield code="0">0</subfield>
    <subfield code="1">0</subfield>
    <subfield code="2">ddc</subfield>
    <subfield code="3"> </subfield>
    <subfield code="4">0</subfield>
    <subfield code="7">0</subfield>
    <subfield code="8">NFIC</subfield>
    <subfield code="a">BIBIB</subfield>
    <subfield code="b">BIBIB</subfield>
    <subfield code="c">ESP</subfield>
    <subfield code="d">2025-02-25</subfield>
    <subfield code="e">doa&#xE7;&#xE3;o</subfield>
    <subfield code="l">0</subfield>
    <subfield code="o">133.9 / I35v</subfield>
    <subfield code="p">2025-17216</subfield>
    <subfield code="r">2025-02-24 13:54:09</subfield>
    <subfield code="w">2025-02-24</subfield>
    <subfield code="y">BK</subfield>
  </datafield>
  <datafield tag="999" ind1=" " ind2=" ">
    <subfield code="c">263</subfield>
    <subfield code="d">263</subfield>
  </datafield>
</record>
